[Event "Quebec-ch U12"]
[Site "Montreal"]
[Date "2017.03.05"]
[Round "4"]
[White "Hall, Arturo"]
[Black "Sui, Yu Shun"]
[Result "1/2-1/2"]
[WhiteElo "1136"]
[BlackElo "1322"]
[PlyCount "46"]
[EventDate "2017.03.04"]
[EventType "swiss"]
[EventRounds "5"]
[EventCountry "CAN"]
[SourceTitle "EXT 2022"]
[Source "ChessBase"]
[SourceDate "2021.10.06"]
[SourceVersion "1"]
[SourceVersionDate "2021.10.06"]
[SourceQuality "1"]

1. d4 d5 2. Bf4 Nc6 3. g3 Bf5 4. a3 e6 5. Nc3 Bd6 6. Bxd6 cxd6 7. Bg2 Nf6 8. Nf3 e5 9. dxe5 dxe5 10. 0-0 0-0 11. Re1 e4 12. Nd4 Bg6 13. e3 Qd7 14. h3 Rac8 15. Nce2 Bh5 16. Qd2 h6 17. Nf4 Nxd4 18. exd4 Qd6 19. c3 Rce8 20. Qe3 Re7 21. Rec1 Rc8 22. Re1 Rce8 23. Rec1 Rc8 1/2-1/2

[Event "Quebec-ch U12"]
[Site "Montreal"]
[Date "2017.03.05"]
[Round "5"]
[White "Sui, Yu Shun"]
[Black "Farahdel, Anahita"]
[Result "1-0"]
[WhiteElo "1322"]
[BlackElo "1071"]
[PlyCount "115"]
[EventDate "2017.03.04"]
[EventType "swiss"]
[EventRounds "5"]
[EventCountry "CAN"]
[SourceTitle "EXT 2022"]
[Source "ChessBase"]
[SourceDate "2021.10.06"]
[SourceVersion "1"]
[SourceVersionDate "2021.10.06"]
[SourceQuality "1"]

1. e4 e5 2. Nf3 Nc6 3. Nc3 Nf6 4. Bc4 Bc5 5. Ng5 0-0 6. d3 d6 7. Qf3 Bg4 8. Qg3 h6 9. Nxf7 Rxf7 10. Bxf7+ Kxf7 11. Be3 Bd4 12. 0-0 Qd7 13. Bxd4 Nxd4 14. f3 Be6 15. Qf2 Ke7 16. b3 d5 17. f4 Ng4 18. Qd2 dxe4 19. Nxe4 Bd5 20. Kh1 Bxe4 21. dxe4 Nxh2 22. Rfd1 c5 23. Kxh2 Qg4 24. fxe5 Rd8 25. Qf2 Rf8 26. Qg3 Qxe4 27. Re1 Qc6 28. Rf1 Rf5 29. Qxg7+ Ke8 30. Rxf5 Nxf5 31. Qf6 Qxf6 32. exf6 Kf7 33. g4 Ne3 34. Kg3 Kxf6 35. Kf3 Nxc2 36. Rh1 Kg6 37. Kf4 Nd4 38. Re1 b5 39. Re4 a5 40. Re8 Kf6 41. Ra8 Nc6 42. Ra6 Ke7 43. Rxc6 c4 44. bxc4 b4 45. Rxh6 a4 46. g5 b3 47. axb3 axb3 48. Rb6 b2 49. Rxb2 Kd7 50. g6 Ke7 51. Kf5 Kf8 52. c5 Ke8 53. c6 Kd8 54. g7 Kc7 55. g8Q Kxc6 56. Rc2+ Kb7 57. Qb3+ Ka7 58. Ra2# 1-0

[Event "Montreal Pere Noel U1500"]
[Site "Montreal"]
[Date "2016.12.30"]
[Round "5.45"]
[White "Sui, Yu Shun"]
[Black "Brunelle, Raymond"]
[Result "1-0"]
[WhiteElo "1410"]
[BlackElo "1179"]
[PlyCount "31"]
[EventDate "2016.12.26"]
[EventType "swiss"]
[EventRounds "5"]
[EventCountry "CAN"]
[SourceTitle "EXT 2022"]
[Source "ChessBase"]
[SourceDate "2021.10.06"]
[SourceVersion "1"]
[SourceVersionDate "2021.10.06"]
[SourceQuality "1"]

1. e4 c5 2. Nf3 Nc6 3. d4 cxd4 4. Nxd4 g6 5. Be3 Bg7 6. Nc3 a6 7. Bc4 b5 8. Nxc6 dxc6 9. Bxf7+ Kxf7 10. Qxd8 Bxc3+ 11. bxc3 Kg7 12. Bd4+ Nf6 13. Qxe7+ Kh6 14. Be3+ Kh5 15. Qxf6 Bd7 16. Qg5# 1-0